Guitar Hero Songs - Statistics

General Stats
  • This quiz has been taken 169 times
    160 since last reset
  • The average score is 98 of 381
Answer Stats
% Correct
One- Metallica
71%
Slow Ride- Foghat
65%
L.A.- Elliott Smith
64%
Free Bird- Lynyrd Skynyrd
60%
Paranoid- Black Sabbath
58%
Paranoid- Ozzy Osbourne & Metallica
58%
Crazy Train- Ozzy Osbourne
53%
Welcome to the Jungle- Guns N Roses
53%
Barracuda- Heart
51%
Cliffs of Dover- Eric Johnson
51%
Hit Me With Your Best Shot- Pat Benatar
51%
Raining Blood- Slayer
51%
Smells Like Teen Spirit- Nirvana
51%
Before I Forget- Slipknot
49%
Iron Man- Black Sabbath
49%
Through the Fire and Flames- Dragonforce
49%
Black Magic Woman- Santana
47%
Bulls on Parade- Rage Against the Machine
47%
Even Flow- Pearl Jam
47%
Hot For Teacher- Van Halen
47%
La Grange- ZZ Top
47%
Sweet Child O' Mine- Guns N Roses
47%
Beat It- Michael Jackson
45%
The Seeker- The Who
45%
Dead- My Chemical Romance
44%
Knights of Cydonia- Muse
44%
Rock and Roll All Nite- KISS
44%
School's Out- Alice Cooper
44%
Smoke on the Water- Deep Purple
44%
Sunshine of Your Love- Cream
42%
The Metal- Tenacious D
42%
Bohemian Rhapsody- Queen
40%
Heart-Shaped Box- Nirvana
40%
I Love Rock & Roll- Joan Jett & The Blackhearts
40%
Kool Thing- Sonic Youth
40%
Mississippi Queen- Mountain
40%
Miss Murder- AFI
40%
Paint It Black- The Rolling Stones
40%
Pride and Joy- Stevie Ray Vaughan
40%
Sabotage- Beastie Boys
40%
Take Me Out- Franz Ferdinand
40%
2112- Rush
38%
Anarchy in the U.K.- The Sex Pistols
38%
Cult of Personality- Living Colour
38%
Helicopter- Bloc Party
38%
La Bamba- Los Lobos
38%
Rock You Like a Hurricane- The Scorpions
38%
Stricken- Disturbed
38%
Sweet Home Alabama- Lynyrd Skynyrd
38%
The Number of the Beast- Iron Maiden
38%
When You Were Young- The Killers
38%
Woman- Wolfmother
38%
YYZ- Rush
38%
3's & 7's- Queens of the Stone Age
36%
Cherub Rock- Smashing Pumpkins
36%
Everlong- Foo Fighters
36%
Holiday in Cambodia- Dead Kennedys
36%
Holy Wars...The Punishment Due- Megadeth
36%
Killer Queen- Queen
36%
Killing in the Name- Rage Against the Machine
36%
Misery Business- Paramore
36%
Mr. Crowley- Ozzy Osbourne
36%
Sharp Dressed Man- ZZ Top
36%
Story of My Life- Social Distortion
36%
Talk Dirty To Me- Poison
36%
War Pigs- Black Sabbath
36%
Ace of Spades- Motorhead
35%
Black Sunshine- White Zombie
35%
Carry On Wayward Son- Kansas
35%
Cryin- Aerosmith
35%
Lay Down- Priestess
35%
Pull Me Under- Dream Theater
35%
Purple Haze- The Jimi Hendrix Experience
35%
Same Old Song and Dance- Aerosmith
35%
Seven- Sunny Day Real Estate
35%
About a Girl- Nirvana
33%
Are You Gonna Go My Way- Lenny Kravitz
33%
Bat Country- Avenged Sevenfold
33%
Burn- Deep Purple
33%
Hotel California- The Eagles
33%
I Wanna Be Sedated- The Ramones
33%
The Wind Cries Mary- The Jimi Hendrix Experience
33%
2 Minutes to Midnight- Iron Maiden
31%
Beast and the Harlot- Avenged Sevenfold
31%
B.Y.O.B.- System of a Down
31%
Cities on Flame with Rock and Roll- Blue Oyster Cult
31%
Freak on a Leash- Korn
31%
Hangar 18- Megadeth
31%
Heartbreaker- Pat Benatar
31%
Lithium- Nirvana
31%
Livin on a Prayer- Bon Jovi
31%
Overkill- Motorhead
31%
Stillborn- Black Label Society
31%
Suck My Kiss- Red Hot Chili Peppers
31%
Symphony of Destruction- Megadeth
31%
The Devil Went Down to Georgia- Steve Ouimette
31%
This Day We Fight!- Megadeth
31%
Trapped Under Ice- Metallica
31%
Uprising- Muse
31%
Again- Flyleaf
29%
Assassin- Muse
29%
Bark at the Moon- Ozzy Osbourne
29%
Beautiful Disaster- 311
29%
Cowboys From Hell- Pantera
29%
Du Hast- Rammstein
29%
Godzilla- Blue Oyster Cult
29%
Jessica- The Allman Brothers Band
29%
Losing My Religion- REM
29%
Monsters- Matchbook Romance
29%
Parabola- Tool
29%
Psychosocial- Slipknot
29%
Satch Boogie- Joe Satriani
29%
Schism- Tool
29%
Vicarious- Tool
29%
We're Not Gonna Take It- Twisted Sister
29%
What I've Done- Linkin Park
29%
Ziggy Stardust- David Bowie
29%
Antisocial- Trust
27%
Bad Reputation- Thin Lizzy
27%
Band on the Run- Wings
27%
Call Me the Breeze- Lynyrd Skynyrd
27%
Cherry Bomb- The Runaways
27%
Cherry Pie- Warrant
27%
Fat Lip- Sum 41
27%
Indians- Anthrax
27%
Message in a Bottle- The Police
27%
Monkey Wrench- Foo Fighters
27%
My Name is Jonas- Weezer
27%
Our Truth- Lacuna Coil
27%
Ramblin Man- The Allman Brothers Band
27%
Reptilia- The Strokes
27%
Song 2- Blur
27%
Spanish Castle Magic- Jimi Hendrix Experience
27%
Sudden Death- Megadeth
27%
Take It Off- The Donnas
27%
The Trooper- Iron Maiden
27%
21st Century Schizoid Man- King Crimson
25%
All Along the Watchtower- Bob Dylan
25%
American Woman- The Guess Who
25%
Been Caught Stealing- Janes Addiction
25%
Black Rain- Soundgarden
25%
Bullet With Butterfly Wings- Smashing Pumpkins
25%
Crossroads- Cream
25%
Fury of the Storm- Dragonforce
25%
Laid to Rest- Lamb of God
25%
Lazy Eye- Silversun Pickups
25%
No One Knows- Queens of the Stone Age
25%
No Sleep Till Brooklyn- Beastie Boys
25%
One Way or Another- Blondie
25%
Pour Some Sugar on Me- Def Leppard
25%
Santeria- Sublime
25%
Seven Nation Army- The White Stripes
25%
Sex on Fire- Kings of Leon
25%
Shout at the Devil- Motley Crue
25%
Strutter- KISS
25%
Sultans of Swing- Dire Straits
25%
Surrender- Cheap Trick
25%
The Joker- The Steve Miller Band
25%
They Say- Scars on Broadway
25%
Today- Smashing Pumpkins
25%
20th Century Boy- T. Rex
24%
All the Pretty Faces- The Killers
24%
Bleed It Out- Linkin Park
24%
Blue Orchid- The White Stripes
24%
Burnin For You- Blue Oyster Cult
24%
Children of the Grave- Black Sabbath
24%
Cochise- Audioslave
24%
Crazy on You- Heart
24%
Dammit- Blink 182
24%
Dance, Dance- Fall Out Boy
24%
Demolition Man- The Police
24%
Eye of the Tiger- Survivor
24%
Fame- David Bowie
24%
Float On- Modest Mouse
24%
Fortunate Son- Creedence Clearwater Revival
24%
Frankenstein- Edgar Winter Group
24%
Free Ride- The Edgar Winter Group
24%
Get Free- The Vines
24%
Go Your Own Way- Fleetwood Mac
24%
Hey Man, Nice Shot- Filter
24%
Hey You- The Exies
24%
Higher Ground- Red Hot Chili Peppers
24%
How You Remind Me- Nickelback
24%
Hungry Like the Wolf- Duran Duran
24%
If You Want Peace...Prepare for War- Children of Bodom
24%
I'm Not Okay (I Promise)- My Chemical Romance
24%
Interstate Love Song- Stone Temple Pilots
24%
Love Gun- KISS
24%
Love Me Two Times- The Doors
24%
Lunatic Fringe- Red Rider
24%
No Way Back- Foo Fighters
24%
One Armed Scissor- At The Drive-In
24%
Plug in Baby- Muse
24%
Psychobilly Freakout- Reverend Horton Heat
24%
Scream Aim Fire- Bullet For My Valentine
24%
Search and Destroy- Iggy Pop & The Stooges
24%
Shiver- Coldplay
24%
Some Might Say- Oasis
24%
Spiderwebs- No Doubt
24%
Stranglehold- Ted Nugent
24%
Superstition- Stevie Wonder
24%
Sympathy For the Devil- The Rolling Stones
24%
Them Bones- Alice in Chains
24%
The Middle- Jimmy Eat World
24%
The One I Love- REM
24%
Thunder Kiss '65- White Zombie
24%
Under Pressure- Queen feat. David Bowie
24%
Up Around the Bend- Creedence Clearwater Revival
24%
Weapon of Choice- Black Rebel Motorcycle Club
24%
You Give Love a Bad Name- Bon Jovi
24%
Aggro- The Enemy
22%
Aqualung- Jethro Tull
22%
Black Widow of La Porte- John 5
22%
Bloodlines- Dethklok
22%
Bodies- Drowning Pool
22%
Chemical Warfare- Slayer
22%
Dancing Through Sunday- AFI
22%
Deadbolt- Thrice
22%
Feel the Pain- Dinosaur Jr.
22%
Freya- The Sword
22%
Hard to See- Five Finger Death Punch
22%
Hollywood Nights- Bob Seger & The Silver Bullet Band
22%
Hurts So Good- John Mellencamp
22%
John the Fisherman- Primus
22%
Love Spreads- The Stone Roses
22%
Machinehead- Bush
22%
Madhouse- Anthrax
22%
Money For Nothing- Dire Straits
22%
Mother- Danzig
22%
Motivation- Sum 41
22%
Nemesis- Arch Enemy
22%
Only Happy When It Rains- Garbage
22%
On the Road Again- Willie Nelson
22%
Play That Funky Music- Wild Cherry
22%
Prisoner of Society- The Living End
22%
Rebel Yell- Billy Idol
22%
Savior- Rise Against
22%
Soul Doubt- NOFX
22%
Sweating Bullets- Megadeth
22%
Texas Flood- Stevie Ray Vaughan
22%
The Outsider- A Perfect Circle
22%
Toy Boy- Stuck in the Sound
22%
What I Got- Sublime
22%
Why Bother?- Weezer
22%
Wish- Nine Inch Nails
22%
Woman From Tokyo (99 Remix)- Deep Purple
22%
Brainstorm- Arctic Monkeys
20%
Deadfall- Snot
20%
Do You Feel Like We Do?- Peter Frampton
20%
Ex-Girlfriend- No Doubt
20%
Fascination Street- The Cure
20%
Feel Good Inc.- The Gorillaz
20%
Feels Like the First Time- Foreigner
20%
Ghost- Slash feat. Ian Astbury
20%
Good God- Anouk
20%
I Know What I Am- Band of Skulls
20%
In the Meantime- Spacehog
20%
It's Only Another Parsec...- RX Bandits
20%
Jailbreak- Thin Lizzy
20%
Kryptonite- 3 Doors Down
20%
Last Child- Aerosmith
20%
Make It Wit Chu- Queens of the Stone Age
20%
Monsoon- Tokio Hotel
20%
Mountain Song- Janes Addiction
20%
Never Miss a Beat- Kaiser Chiefs
20%
Obstacle 1- Interpol
20%
Ravenous- Atreyu
20%
Re-Education (Through Labor)- Rise Against
20%
So Lonely- The Police
20%
Stop- Janes Addiction
20%
Stray Cat Blues- The Rolling Stones
20%
Suffocated- Orianthi
20%
The Feel Good Drag- Anberlin
20%
Theme From Spiderman- The Ramones
20%
Tones of Home- Blind Melon
20%
Too Much, Too Young, Too Fast- Airbourne
20%
Wannabe in L.A.- Eagles of Death Metal
20%
(You Can Still) Rock in America- Night Ranger
20%
Bring The Noise 20XX- Public Enemy feat. Zakk Wylde
18%
Calling- Strung Out
18%
Dancing With Myself- Billy Idol
18%
Done With Everything, Die For Nothing- Children of Bodom
18%
Escuela de Calor- Radio Futura
18%
Gamma Ray- Beck
18%
Graduate- Third Eye Blind
18%
I'm Broken- Pantera
18%
Incinerate- Sonic Youth
18%
Infected- Bad Religion
18%
In My Place- Coldplay
18%
Kick Out the Jams- MC5
18%
Lasso- Phoenix
18%
Lust for Life- Iggy Pop
18%
L'Via L'Viaquez- The Mars Volta
18%
More Than a Feeling- Boston
18%
Move it on Over- George Thorogood and the Destroyers
18%
No More Mr. Nice Guy- Alice Cooper
18%
Pretty Vacant- The Sex Pistols
18%
Re-Ignition- Bad Brains
18%
Renegade- Styx
18%
Scatterbrain- Jeff Beck
18%
The Kill- Thirty Seconds to Mars
18%
There's No Secrets This Year- Silversun Pickups
18%
The Spirit of the Radio- Rush
18%
Ties That Bind- Alterbridge
18%
Tonight I'm Gonna Rock You Tonight- Spinal Tap
18%
Trippin On a Hole in a Paper Heart- Stone Temple Pilots
18%
Unsung- Helmet
18%
Waidmann's Heil- Rammstein
18%
What Do I Get?- Buzzcocks
18%
Younk Funk- The Derek Trucks Band
18%
You Really Got Me- Van Halen
18%
You're Gonna Say Yeah!- The Hushpuppies
18%
American Girl- Tom Petty & The Heartbreakers
16%
A-Punk- Vampire Weekend
16%
Back Round- Wolfmother
16%
Can't You Hear Me Knockin'- The Rolling Stones
16%
Carry Me Home- The Living End
16%
Demon(s)- Darkest Hour
16%
Do It Again- Steely Dan
16%
Girlfriend- Matthew Sweet
16%
Heart Full of Black- Burning Brides
16%
Institutionalized- Suicidal Tendencies
16%
Jet City Woman- Queensryche
16%
Judith- A Perfect Circle
16%
Listen To Her Heart- Tom Petty and the Heartbreakers
16%
Looks That Kill- Motley Crue
16%
Love Removal Machine- The Cult
16%
One Big Holiday- My Morning Jacket
16%
Possum Kingdom- Toadies
16%
Ring of Fire- Johnny Cash
16%
Rooftops (A Liberation Broadcast)- Lostprophets
16%
Self Esteem- The Offspring
16%
Sowing Season (Yeah)- Brand New
16%
Speeding- Steve Vai
16%
Steady, as She Goes- The Raconteurs
16%
Stellar- Incubus
16%
Who Was in My Room Last Night?- Butthole Surfers
16%
You and Me- Attack! Attack!
16%
You've Got Another Thing Comin- Judas Priest
16%
Billion Dollar Babies- Alice Cooper
15%
Bleed American- Jimmy Eat World
15%
Blue Day- Darker My Love
15%
Disconnected- Face to Face
15%
Gratitude- Beastie Boys
15%
Hush- Deep Purple
15%
Maiden, Mother & Crone- The Sword
15%
Never Too Late- The Answer
15%
No One to Depend On- Santana
15%
Nuvole E Lenzuola- Negramaro
15%
Rock This Town- Stray Cats
15%
Runnin Down a Dream- Tom Petty
15%
Scumbag Blues- Them Crooked Vultures
15%
Slow Hands- Interpol
15%
Tattooed Love Boys- The Pretenders
15%
VinterNoll2- Kent
15%
Wolf Like Me- TV on the Radio
15%
Comedown- Bush
13%
Hail to the Freaks- Beatsteaks
13%
Life Wasted- Pearl Jam
13%
Medicate- AFI
13%
Rockin' in the Free World- Neil Young
13%
Salvation- Rancid
13%
Setting Fire to Sleeping Giants- The Dillinger Escape Plan
13%
Shout It Out Loud- KISS
13%
Six Days a Week- The Bronx
13%
Streamline Woman- Gov't Mule
13%
The Rock Show- Blink 182
13%
Unskinny Bop- Poison
13%
Misrilou- Dick Dale
11%
Rock and Roll, Hoochie Koo- Rick Derringer
11%
Saturday Nights Alright For Fighting- Elton John
11%
Sneak Out- Rose Hill Drive
11%
We're An American Band- Grand Funk Railroad
11%
Lonely Is the Night- Billy Squier
9%
Mirror People- Love and Rockets
9%
Nearly Lost You- Screaming Trees
9%
Send a Little Love Token- The Duke Spirit
9%
Cigaretts, Wedding Bands- Band of Horses
7%
Tick Tick Boom- The Hives
7%
Modern Day Cowboy- Tesla
4%
No matching quizzes found
Score Distribution
Percent of People with Each Score
Percentile by Number Answered
Your Score History
You have not taken this quiz since the last reset